000 00280nam a22001337a 4500
008 171227b xxu||||| |||| 00| 0 eng d
020 _a9780153093135
041 _aeng
080 _a7
100 _a41
101 _aART
245 _aART EXPRESS
_cDANIEL,V.A
942 _2udc
_cBK
999 _c39483
_d39483